| 000 | 00760cam a22002411 4500 | ||
|---|---|---|---|
| 001 | sd 46000033 | ||
| 003 | DLC | ||
| 005 | 20260227112735.0 | ||
| 008 | 940923s1946 dcu 000 0 eng | ||
| 010 | _asd 46000033 | ||
| 035 | _a(OCoLC)31214207 | ||
| 040 |
_aDLC _cPPT _dOCoLC _dDLC |
||
| 042 | _apremarc | ||
| 050 | 0 | 0 |
_aD819.G3 _bH6 |
| 100 | 1 | _aHoward, John B. | |
| 245 | 1 | 4 | _aThe distribution of reparation from Germany. |
| 260 |
_a[Washington, _bU.S. Govt. print. off., _c1946] |
||
| 300 |
_a1 p.l., 21 p. _c26 cm. |
||
| 500 | _a"Reprinted from recent issues of the Department of state bulletin." | ||
| 610 | 2 | 0 | _aInter-allied Reparation Agency. |
| 611 | 1 | 0 |
_aParis. _qConference on reparation, _d1945. |
| 650 | 0 |
_aWorld War, 1939-1945 _xReparations. |
|
| 999 |
_c89967 _d89967 |
||